| 000 | 00742cam a2200217 4500 | ||
|---|---|---|---|
| 001 | ABS61734 | ||
| 008 | 000000n1999 000 0 eng u | ||
| 035 | _a(Sirsi) u103292 | ||
| 100 | _aMcKee, W. | ||
| 245 | _aStamp duty on commercial property must be reduced | ||
| 260 | _c1999 | ||
| 490 |
_aProperty Forecast _v 2(12) December 1999, 2-7(2) |
||
| 520 | _aArgues that government should reduce stamp duty levied on commercial property, as it reduces institutional investment in the property market and is over twice as high as the EU average. | ||
| 590 | _aABS | ||
| 650 | _aSTAMP DUTY | ||
| 650 | _aPROPERTY-COMMERCIAL PROPERTY | ||
| 650 | _aINSTITUTIONAL INVESTMENT | ||
| 650 | _aREDUCTION | ||
| 690 | _aTAXATION | ||
| 942 | _n0 | ||
| 999 |
_c62073 _d62073 |
||